000 01227naa a22003137a 4500
001 BR8002850
003 BR-BrBNA
005 20240918174559.0
007 ta
008 230509b bl.||||| |||| 00| 0 por d
040 _aBR-BrBNA
_bpor
_cBiblioteca Nacional de Agricultura
041 _a(Pt)
072 _aF00; F27
_b0180
_b0336
_b3575
_bG514
090 _aF00 BR8002850
100 1 _aHeckler, J.C.
111 1 _a6. Reuniao da Comissao Norte Brasileira de Pesquisa de Trigo
_cCuritiba, PR (Brazil)
_d14 Jan 1980
245 1 _aConsideracoes a respeito da sobre - semeadura de trigo em lavoura de soja no estado de Mato Grosso do Sul [Triticum aestivum; Glycine max; Brasil]
260 3 _aDourados, MS (Brasil):
_c1980.
500 _aResultados de pesquisa com trigo obtidos na UEPAE de Dourados em 1979 Dourados, MS (Brasil): 1980. p. 83-86 (BR8002850-AM)F00
650 _aCultivo do solo
650 _aTrigo
650 _aSoja
650 _aSemente
650 _aSemeadura
650 _aMato Grosso do Sul
773 0 _tResultados de pesquisa com trigo obtidos na UEPAE de Dourados em 1979
_wF00 BR8002850
_gDourados, MS (Brasil), 1980. p. 83-86
909 _a202404
_bLucia
_c55
_dLucia Elande
942 _cAM
_2AGRIS
999 _c312137
_d312137